[Event "Ferreira do Alentejo 2nd"]
[Site "Ferreira do Alentejo"]
[Date "2019.12.21"]
[Round "9"]
[White "Ramos, Alvaro Manuel Nobre"]
[Black "Dong, Rafael"]
[Result "1/2-1/2"]
[WhiteElo "1868"]
[BlackElo "1571"]
[PlyCount "100"]
[EventDate "2019.12.17"]
[EventType "swiss"]
[EventRounds "9"]
[EventCountry "POR"]
[SourceTitle "CBM 193 Extra"]
[Source "ChessBase"]
[SourceDate "2020.01.31"]
[SourceVersion "1"]
[SourceVersionDate "2020.01.31"]
[SourceQuality "1"]

1. d4 d5 2. Nf3 Nf6 3. b3 Bf5 4. Bb2 c6 5. e3 e6 6. a3 Bd6 7. Be2 Nbd7 8. Nbd2 h6 9. c4 0-0 10. 0-0 Ne4 11. Ne5 Nxe5 12. dxe5 Be7 13. b4 Qc7 14. c5 Nxd2 15. Qxd2 a5 16. Bd4 axb4 17. axb4 Rfc8 18. Ra2 Qd8 19. Rfa1 Rxa2 20. Qxa2 f6 21. f4 fxe5 22. Bxe5 Bf6 23. Qa5 Bxe5 24. Qxd8+ Rxd8 25. Ra7 Bc3 26. Rxb7 e5 27. b5 exf4 28. exf4 Bd4+ 29. Kf1 Bxc5 30. bxc6 Rc8 31. Bb5 Bd6 32. g3 Be4 33. Rd7 Bc7 34. Ba6 Ra8 35. Bb7 Ra1+ 36. Ke2 Ra2+ 37. Kd1 Bc2+ 38. Kc1 Bb6 39. Re7 Be4 40. Rxe4 dxe4 41. c7 Bxc7 42. Bd5+ Kh7 43. Bxa2 Kg6 44. Kd2 Bb6 45. Ke2 Bg1 46. h3 Kf6 47. Bc4 g5 48. fxg5+ hxg5 49. Ba6 Ke5 50. Kf1 Bc5 1/2-1/2

[Event "Ferreira do Alentejo 2nd"]
[Site "Ferreira do Alentejo"]
[Date "2019.12.18"]
[Round "3"]
[White "Schmitz, Andreas Arnold"]
[Black "Dong, Rafael"]
[Result "1-0"]
[WhiteElo "2013"]
[BlackElo "1571"]
[PlyCount "117"]
[EventDate "2019.12.17"]
[EventType "swiss"]
[EventRounds "9"]
[EventCountry "POR"]
[SourceTitle "CBM 193 Extra"]
[Source "ChessBase"]
[SourceDate "2020.01.31"]
[SourceVersion "1"]
[SourceVersionDate "2020.01.31"]
[SourceQuality "1"]

1. e4 c6 2. Nc3 d5 3. Qf3 dxe4 4. Nxe4 Nd7 5. d4 Ngf6 6. c3 Nxe4 7. Qxe4 Nf6 8. Qe5 Qd5 9. Nf3 Bf5 10. Bf4 e6 11. Be2 Be7 12. 0-0 0-0 13. Qc7 Qd7 14. Nh4 Qxc7 15. Bxc7 Bg4 16. Bxg4 Nxg4 17. Nf3 Rac8 18. Bf4 Nf6 19. Bg5 h6 20. Bxf6 Bxf6 21. Rad1 Rfd8 22. Rd2 Kf8 23. Rfd1 Ke8 24. Kf1 Ke7 25. Ke2 g5 26. g4 Rd7 27. Rg1 c5 28. Rgd1 cxd4 29. Nxd4 Bxd4 30. Rxd4 Rcd8 31. Ke3 Rxd4 32. Rxd4 Rxd4 33. Kxd4 Kd6 34. b4 f5 35. h3 e5+ 36. Kd3 f4 37. c4 b6 38. Ke4 Ke6 39. c5 bxc5 40. bxc5 f3 41. Kxf3 Kd5 42. c6 Kxc6 43. Ke4 Kc5 44. Kxe5 Kb4 45. f4 gxf4 46. Kxf4 Ka3 47. h4 Kxa2 48. g5 hxg5+ 49. hxg5 Kb2 50. g6 a5 51. g7 a4 52. g8Q a3 53. Qb8+ Kc2 54. Qc7+ Kb2 55. Qb6+ Kc2 56. Qc5+ Kb3 57. Qc1 Ka2 58. Ke3 Kb3 59. Qa1 1-0

[Event "Figueira da Foz op 13th"]
[Site "Figueira da Foz"]
[Date "2019.11.03"]
[Round "9"]
[White "Dong, Rafael"]
[Black "Correia, Mario Rui Costa"]
[Result "0-1"]
[WhiteElo "1486"]
[BlackElo "2140"]
[PlyCount "116"]
[EventDate "2019.10.27"]
[EventType "swiss"]
[EventRounds "9"]
[EventCountry "POR"]
[SourceTitle "CBM 192 Extra"]
[Source "Chessbase"]
[SourceDate "2019.11.06"]
[SourceVersion "1"]
[SourceVersionDate "2019.11.06"]
[SourceQuality "1"]

1. c4 Nf6 2. Nc3 g6 3. g3 Bg7 4. Bg2 0-0 5. Nf3 d6 6. d4 Nc6 7. 0-0 Bf5 8. d5 Na5 9. Nd2 c5 10. e4 Bc8 11. Qc2 a6 12. b3 b5 13. Bb2 Rb8 14. Rae1 bxc4 15. Nxc4 Nxc4 16. bxc4 Rb4 17. Qe2 Ng4 18. a3 Rb3 19. Rc1 Qb6 20. Rc2 Bd7 21. Na4 Bxa4 22. Bxg7 Kxg7 23. Qxg4 Rxa3 24. Rcc1 Rb8 25. h4 h5 26. Qe2 Qb2 27. Qxb2+ Rxb2 28. Rb1 Raa2 29. Rxb2 Rxb2 30. Ra1 Rb4 31. Bf1 a5 32. Kg2 Bc2 33. Kf3 Rb1 34. Ra2 Bxe4+ 35. Kxe4 Rxf1 36. Ke3 Re1+ 37. Kd2 Rf1 38. Ke3 Rb1 39. Rxa5 Rb4 40. Kd3 Kf6 41. Ra2 Rb3+ 42. Ke4 Rc3 43. Ra4 Kg7 44. Kf4 Kf6 45. Ke4 e6 46. f3 exd5+ 47. Kxd5 Rd3+ 48. Ke4 Rd4+ 49. Ke3 Kf5 50. Ke2 f6 51. Ke3 d5 52. Ra3 Rxc4 53. Rd3 Rc3 54. Rxc3 d4+ 55. Kd3 dxc3 56. Kxc3 Ke5 57. Kc4 Kd6 58. g4 Kc6 0-1

[Event "Oeiras Honra"]
[Site "Oeiras"]
[Date "2019.08.15"]
[Round "3"]
[White "Santos, Ruben Jose Melo"]
[Black "Dong, Rafael"]
[Result "1-0"]
[WhiteElo "1722"]
[BlackElo "1432"]
[PlyCount "61"]
[EventDate "2019.08.13"]
[EventType "tourn"]
[EventRounds "9"]
[EventCountry "POR"]
[SourceTitle "EXT 2020"]
[Source "ChessBase"]
[SourceDate "2019.10.17"]
[SourceVersion "1"]
[SourceVersionDate "2019.10.17"]
[SourceQuality "1"]

1. a3 d5 2. d4 Nf6 3. Bf4 c6 4. e3 Bf5 5. Bd3 Bg6 6. Nf3 e6 7. 0-0 Bd6 8. Bg3 Bxg3 9. fxg3 Nbd7 10. Bxg6 hxg6 11. Nbd2 Qb6 12. b3 e5 13. Qe2 0-0-0 14. Nxe5 Nxe5 15. dxe5 Ng4 16. Qxg4+ Kb8 17. Rae1 d4 18. Kh1 dxe3 19. Nc4 Qc5 20. Qf4 e2 21. Rxe2 Rxh2+ 22. Kxh2 Rh8+ 23. Qh4 Rxh4+ 24. gxh4 Qd4 25. Rxf7 Qxh4+ 26. Kg1 Qd4+ 27. Rff2 b5 28. e6 Qd1+ 29. Kh2 bxc4 30. e7 Qd6+ 31. g3 1-0

[Event "Figueira da Foz op 12th"]
[Site "Figueira da Foz"]
[Date "2018.11.02"]
[Round "7"]
[White "Ferreira, Cristina"]
[Black "Dong, Rafael"]
[Result "0-1"]
[WhiteElo "1069"]
[BlackElo "1360"]
[PlyCount "58"]
[EventDate "2018.10.28"]
[EventType "swiss"]
[EventRounds "9"]
[EventCountry "POR"]
[SourceTitle "CBM 187 Extra"]
[Source "ChessBase"]
[SourceDate "2018.11.04"]
[SourceVersion "1"]
[SourceVersionDate "2018.11.04"]
[SourceQuality "1"]

1. d4 Nf6 2. c4 e6 3. Bd2 b6 4. Nf3 Bb7 5. e3 Be7 6. Be2 0-0 7. a3 c5 8. Qc2 Nc6 9. 0-0 Qc7 10. Nc3 d5 11. e4 cxd4 12. Nb5 Qc8 13. e5 Nd7 14. Bd3 h6 15. Bh7+ Kh8 16. Bxh6 gxh6 17. Qd2 Kxh7 18. Qd3+ Kg7 19. Qd2 a6 20. Nd6 Bxd6 21. Nh4 Ndxe5 22. Qe2 Qd8 23. Qh5 Qg5 24. f4 Qxh5 25. g3 Ng6 26. Rf2 Nxh4 27. Raf1 Nf5 28. Rg2 Ne3 29. Rff2 Qd1+ 0-1

[Event "Figueira da Foz op 12th"]
[Site "Figueira da Foz"]
[Date "2018.10.31"]
[Round "4"]
[White "Felizes, Paulo Alberto"]
[Black "Dong, Rafael"]
[Result "1-0"]
[WhiteElo "1965"]
[BlackElo "1360"]
[PlyCount "49"]
[EventDate "2018.10.28"]
[EventType "swiss"]
[EventRounds "9"]
[EventCountry "POR"]
[SourceTitle "CBM 187 Extra"]
[Source "ChessBase"]
[SourceDate "2018.11.04"]
[SourceVersion "1"]
[SourceVersionDate "2018.11.04"]
[SourceQuality "1"]

1. d4 Nf6 2. Bg5 e6 3. e4 h6 4. Bxf6 Qxf6 5. Nf3 d6 6. Bd3 Nd7 7. Nbd2 a6 8. e5 dxe5 9. Ne4 Qd8 10. dxe5 b5 11. a4 b4 12. Qe2 Bb7 13. Rd1 g5 14. Bc4 Qe7 15. 0-0 Bg7 16. Qe3 g4 17. Nd4 Bxe5 18. f4 gxf3 19. Nxf3 Bxb2 20. Rxd7 Kxd7 21. Rb1 Bxe4 22. Qxe4 Bc3 23. Rd1+ Qd6 24. Rxd6+ cxd6 25. Qb7+ 1-0

[Event "Figueira da Foz op 12th"]
[Site "Figueira da Foz"]
[Date "2018.10.29"]
[Round "2"]
[White "Pais, Bruno Miguel Dos Sa"]
[Black "Dong, Rafael"]
[Result "1-0"]
[WhiteElo "1836"]
[BlackElo "1360"]
[PlyCount "61"]
[EventDate "2018.10.28"]
[EventType "swiss"]
[EventRounds "9"]
[EventCountry "POR"]
[SourceTitle "CBM 187 Extra"]
[Source "ChessBase"]
[SourceDate "2018.11.04"]
[SourceVersion "1"]
[SourceVersionDate "2018.11.04"]
[SourceQuality "1"]

1. d4 Nf6 2. g3 e6 3. Bg2 c5 4. Nf3 d5 5. 0-0 Nc6 6. e3 Bd6 7. Nbd2 b6 8. c4 cxd4 9. Nxd4 Nxd4 10. exd4 Bb7 11. Qa4+ Qd7 12. Qxd7+ Nxd7 13. cxd5 Bxd5 14. Bxd5 exd5 15. Re1+ Kd8 16. Nf1 b5 17. Ne3 Nb6 18. Nf5 Bb4 19. Re2 g6 20. Ne3 Re8 21. a3 Bf8 22. b3 Bg7 23. Bb2 Rc8 24. Rae1 a5 25. Kf1 a4 26. bxa4 bxa4 27. Rb1 Nc4 28. Nxd5 Rxe2 29. Kxe2 Nxb2 30. Rxb2 Bxd4 31. Rd2 1-0

[Event "Gaia Profigaia op 18th"]
[Site "Vila Nova de Gaia"]
[Date "2018.07.01"]
[Round "7"]
[White "Clemente, Antonio"]
[Black "Dong, Rafael"]
[Result "1/2-1/2"]
[WhiteElo "1401"]
[BlackElo "1273"]
[PlyCount "101"]
[EventDate "2018.06.27"]
[EventType "swiss"]
[EventRounds "7"]
[EventCountry "POR"]
[SourceTitle "CBM 185 Extra"]
[Source "ChessBase"]
[SourceDate "2018.07.29"]
[SourceVersion "1"]
[SourceVersionDate "2018.07.29"]
[SourceQuality "1"]

1. d4 Nf6 2. c4 e6 3. Nc3 Bb4 4. Bg5 c5 5. e3 b6 6. a3 Bxc3+ 7. bxc3 Bb7 8. f3 d5 9. Bd3 h6 10. Bh4 cxd4 11. cxd4 Nc6 12. cxd5 exd5 13. Ne2 0-0 14. 0-0 Re8 15. Bf2 Rc8 16. Re1 Na5 17. Bb5 Re7 18. Rc1 Rec7 19. Rxc7 Qxc7 20. Bg3 Qe7 21. Nc1 Qxa3 22. Qd2 Qc3 23. Qxc3 Rxc3 24. Be5 a6 25. Bf1 b5 26. Bd6 Nc4 27. Bg3 Rxe3 28. Rd1 Re6 29. Bf2 Ne3 30. Rd3 Nxf1 31. Kxf1 a5 32. Nb3 a4 33. Nc5 Re7 34. Be1 Bc6 35. Bb4 Ra7 36. Kf2 Nd7 37. Nxd7 Bxd7 38. Rc3 Ra8 39. Ke3 Rc8 40. Rxc8+ Bxc8 41. h4 g6 42. Kf4 f6 43. g3 Kf7 44. Ke3 Bf5 45. Kf4 Ke6 46. g4 Bd3 47. Ke3 Bb1 48. f4 Be4 49. Kf2 h5 50. Kg3 f5 51. g5 1/2-1/2

[Event "Gaia Profigaia op 18th"]
[Site "Vila Nova de Gaia"]
[Date "2018.06.30"]
[Round "6"]
[White "Dong, Rafael"]
[Black "Silva, Daniel Frederico V"]
[Result "0-1"]
[WhiteElo "1273"]
[BlackElo "1678"]
[PlyCount "88"]
[EventDate "2018.06.27"]
[EventType "swiss"]
[EventRounds "7"]
[EventCountry "POR"]
[SourceTitle "CBM 185 Extra"]
[Source "ChessBase"]
[SourceDate "2018.07.29"]
[SourceVersion "1"]
[SourceVersionDate "2018.07.29"]
[SourceQuality "1"]

1. c4 e6 2. d4 d5 3. Bd2 Nf6 4. Nf3 Be7 5. Nc3 0-0 6. e3 b6 7. cxd5 exd5 8. Be2 Bb7 9. 0-0 Nbd7 10. Rc1 c5 11. Qc2 Rc8 12. Qb1 Qc7 13. b4 c4 14. a3 a6 15. Rfd1 b5 16. Bf1 Bd6 17. g3 Rce8 18. Bg2 Ne4 19. Nxe4 dxe4 20. Ng5 f5 21. Nh3 Bd5 22. Nf4 Bxf4 23. exf4 Qb7 24. Be3 Nb6 25. Re1 Na4 26. Bd2 Rc8 27. Bc3 Qb6 28. Qa1 Rc7 29. Re3 Nxc3 30. Rcxc3 Qxd4 31. Qe1 Rd7 32. Kf1 Rfd8 33. Rc2 Bb7 34. Bh3 Qf6 35. Rc1 g6 36. f3 exf3 37. Re8+ Kg7 38. Rxd8 Rxd8 39. Qe3 Qd6 40. g4 Be4 41. gxf5 gxf5 42. Kf2 Qd2+ 43. Qxd2 Rxd2+ 44. Kg3 Rd3 0-1

[Event "Gaia Profigaia op 18th"]
[Site "Vila Nova de Gaia"]
[Date "2018.06.29"]
[Round "3"]
[White "Duarte, Duarte Nuno Nog"]
[Black "Dong, Rafael"]
[Result "1-0"]
[WhiteElo "1912"]
[BlackElo "1273"]
[PlyCount "85"]
[EventDate "2018.06.27"]
[EventType "swiss"]
[EventRounds "7"]
[EventCountry "POR"]
[SourceTitle "CBM 185 Extra"]
[Source "ChessBase"]
[SourceDate "2018.07.29"]
[SourceVersion "1"]
[SourceVersionDate "2018.07.29"]
[SourceQuality "1"]

1. d4 Nf6 2. c4 e6 3. Nc3 Bb4 4. Qc2 c5 5. Nf3 Nc6 6. dxc5 Bxc5 7. a3 d5 8. b4 Be7 9. e3 0-0 10. Bb2 a6 11. Rd1 b6 12. cxd5 exd5 13. Nxd5 Nxd5 14. Qxc6 Be6 15. Be2 Qc8 16. Nd4 Bf6 17. Qxc8 Raxc8 18. Bxa6 Bxd4 19. Bxd4 Ra8 20. b5 Nc7 21. Bxb6 Nxa6 22. bxa6 Rxa6 23. Bc5 Rc8 24. Bb4 Rac6 25. 0-0 h6 26. Rd2 Rc1 27. f3 h5 28. Rxc1 Rxc1+ 29. Kf2 h4 30. e4 h3 31. gxh3 Bxh3 32. Ke3 Ra1 33. Kd4 Bd7 34. Ke5 Ba4 35. f4 f6+ 36. Ke6 Bb3+ 37. Kf5 Kh7 38. e5 fxe5 39. fxe5 Rf1+ 40. Ke4 Re1+ 41. Kd4 Kg6 42. Rg2+ Kf7 43. Bxe1 1-0

[Event "Caparica op 2nd"]
[Site "Caparica"]
[Date "2017.06.25"]
[Round "6"]
[White "Costa, Raul David Andrade"]
[Black "Dong, Rafael"]
[Result "1-0"]
[WhiteElo "1422"]
[BlackElo "1081"]
[PlyCount "31"]
[EventDate "2017.06.21"]
[EventType "swiss"]
[EventRounds "7"]
[EventCountry "POR"]
[SourceTitle "EXT 2018"]
[Source "ChessBase"]
[SourceDate "2017.10.13"]
[SourceVersion "1"]
[SourceVersionDate "2017.10.13"]
[SourceQuality "1"]

1. e4 c5 2. Nf3 d6 3. d4 cxd4 4. Nxd4 Nf6 5. Nc3 e6 6. Bc4 Be7 7. 0-0 0-0 8. Be3 Nxe4 9. Nxe4 d5 10. Bd3 dxe4 11. Bxe4 e5 12. Qh5 h6 13. Nf5 Nd7 14. Nxh6+ Kh8 15. Nxf7+ Kg8 16. Bh7# 1-0

[Event "Caparica op 2nd"]
[Site "Caparica"]
[Date "2017.06.25"]
[Round "7"]
[White "Dong, Rafael"]
[Black "Silva, Pedro Afonso NF"]
[Result "1-0"]
[WhiteElo "1081"]
[BlackElo "1009"]
[PlyCount "62"]
[EventDate "2017.06.21"]
[EventType "swiss"]
[EventRounds "7"]
[EventCountry "POR"]
[SourceTitle "EXT 2018"]
[Source "ChessBase"]
[SourceDate "2017.10.13"]
[SourceVersion "1"]
[SourceVersionDate "2017.10.13"]
[SourceQuality "1"]

1. d4 d5 2. Nc3 Nf6 3. Nf3 Nc6 4. Bf4 Bf5 5. Nb5 Kd7 6. Nxc7 Rc8 7. Nb5 Nb4 8. Rc1 Nxc2+ 9. Kd2 Qa5+ 10. Nc3 Qxc3+ 11. bxc3 e6 12. Ne5+ Ke8 13. Rxc2 Bxc2 14. Qxc2 Bb4 15. Qa4+ Kd8 16. Nxf7+ Ke7 17. Qxb4+ Kd7 18. Qd6+ Ke8 19. Nxh8 Ne4+ 20. Kc2 Nxd6 21. Bxd6 Kd7 22. Nf7 Ke8 23. Ne5 Rc6 24. Nxc6 Kd7 25. Bc5 Kxc6 26. Bxa7 g6 27. e3 Kd7 28. Bd3 Ke7 29. Rb1 Kf6 30. Rxb7 h6 31. a4 g5 1-0

[Event "Caparica op 2nd"]
[Site "Caparica"]
[Date "2017.06.22"]
[Round "2"]
[White "Machado, Tiago Candido Leita"]
[Black "Dong, Rafael"]
[Result "1-0"]
[WhiteElo "1346"]
[BlackElo "1081"]
[PlyCount "57"]
[EventDate "2017.06.21"]
[EventType "swiss"]
[EventRounds "7"]
[EventCountry "POR"]
[SourceTitle "EXT 2018"]
[Source "ChessBase"]
[SourceDate "2017.10.13"]
[SourceVersion "1"]
[SourceVersionDate "2017.10.13"]
[SourceQuality "1"]

1. e4 c5 2. Nf3 d6 3. d4 cxd4 4. Nxd4 Nf6 5. Nc3 g6 6. Be2 Bg7 7. 0-0 0-0 8. Bg5 e6 9. Qd2 Bd7 10. Rad1 Qb6 11. Be3 Qc7 12. Ndb5 Bxb5 13. Nxb5 Nxe4 14. Nxc7 Nxd2 15. Rxd2 Bxb2 16. Rb1 Bc3 17. Rd3 Ba5 18. Nxa8 Nc6 19. Rxd6 Rxa8 20. Rxb7 Nb4 21. Rdd7 Nxc2 22. Rxa7 Rf8 23. Bh6 Rb8 24. Rxa5 Rb1+ 25. Bf1 Rb8 26. Raa7 Rc8 27. Rdc7 Rxc7 28. Ra8+ Rc8 29. Rxc8# 1-0